000 00608cam a22002053a 4500
001 35512
003 PGUSA
005 20140828083750.0
008 110307s2011||||xxu|||||s|||||000 | eng d
040 _aPGUSA
_beng
042 _adc
100 1 _aAtherton, Gertrude Franklin Horn,
_d1857-1948
245 1 2 _aA Daughter of the Vine
_h[electronic resource] /
_cGertrude Franklin Horn Atherton
260 _bProject Gutenberg,
_c2011
506 _aPublic domain in the USA.
516 _aElectronic text
830 0 _aProject Gutenberg
_v35512
856 4 0 _uhttp://www.gutenberg.org/ebooks/35512
942 _cEB
999 _c264767
_d264767